छतीसगढ़ी शब्द सम्पदाः (Record no. 54101)

MARC details
000 -LEADER
fixed length control field 01287nam a22002777a 4500
005 - DATE AND TIME OF LATEST TRANSACTION
control field 20101206113148.0
008 - FIXED-LENGTH DATA ELEMENTS--GENERAL INFORMATION
fixed length control field 101206t xxu||||| |||| 00| 0 hin d
010 ## - LCCN (DPL NO)
LC control number HIN-93297
020 ## - INTERNATIONAL STANDARD BOOK NUMBER
Terms of availability 290.00
International Standard Book Number 818688128x
035 ## - SYSTEM CONTROL NUMBER
System control number HN-65643
037 ## - SOURCE OF ACQUISITION
Source of stock number/acquisition DBAD/PUB
040 ## - CATALOGING SOURCE
Original cataloging agency DPL
Language of cataloging HN
082 ## - DEWEY DECIMAL CLASSIFICATION NUMBER
Classification number 954.03
100 ## - MAIN ENTRY--PERSONAL NAME
9 (RLIN) 24598
245 ## - TITLE STATEMENT
Title छतीसगढ़ी शब्द सम्पदाः
Statement of responsibility, etc हरदेव बाहरी द्वारा संपादित
Remainder of title छत्तीसगढ़ी बोली का पहला शब्दकोष /
246 ## - VARYING FORM OF TITLE
Title proper/short title Chhatisgarhi Shabdasampada
Remainder of title Ed by Hardev Bahri
260 ## - PUBLICATION, DISTRIBUTION, ETC. (IMPRINT)
Place of publication, distribution, etc इलाहाबाद
Name of publisher, distributor, etc समृद्धि प्रकाशन
Date of publication, distribution, etc 2011
270 ## - ADDRESS
City इलाहाबाद
Address 155, बाई का बाग, त्रिवेणी रोड
Postal code 211003
Telephone number 0532- 2417440
300 ## - PHYSICAL DESCRIPTION
Extent x,181पृ.
Dimensions 22सेमी (सजिल्द)
650 ## - SUBJECT ADDED ENTRY--TOPICAL TERM
9 (RLIN) 1169
650 ## - SUBJECT ADDED ENTRY--TOPICAL TERM
9 (RLIN) 29580
700 ## - ADDED ENTRY--PERSONAL NAME
9 (RLIN) 24599
Personal name बाहरी, हरदेव
700 ## - ADDED ENTRY--PERSONAL NAME
9 (RLIN) 24924
942 ## - ADDED ENTRY ELEMENTS (KOHA)
Source of classification or shelving scheme Dewey Decimal Classification
Item type Hindi Books
Call number suffix जीलानी
Classification part 954.03
Holdings
Withdrawn status Lost status Source of classification or shelving scheme Damaged status Not for loan Collection code Home library Current library Date acquired Source of acquisition Cost, normal purchase price Total Checkouts Full call number Barcode Date last seen Copy number Cost, replacement price Koha item type
    Dewey Decimal Classification   Not For Loan Non-fiction D.B.Act.Division D.B.Act.Division 20/07/2011 DBAD / PUB 290.00   954.03 जीलानी HN-65643 20/07/2011 1 290.00 Hindi Books

© Delhi Public Library
Hit Counter
free hit counter